|
|
|
|
| LEADER |
01212nam a2200313 a 4500 |
| 001 |
6512 |
| 003 |
BD-DhAAL |
| 008 |
090504m19801982nyua b 001 0 eng d |
| 999 |
|
|
|c 346
|d 346
|
| 010 |
|
|
|a \\\80012751
|
| 020 |
|
|
|a 082476918X (v. 1)
|
| 020 |
|
|
|a 082471698 (v.3)
|
| 040 |
|
|
|a DLC
|c DLC
|d DLC
|d BD-DhAAL
|
| 082 |
0 |
0 |
|a 615.191
|
| 245 |
0 |
0 |
|a Pharmaceutical dosage forms :
|b tablets /
|c edited by Herbert A. Lieberman, Leon Lachman.
|
| 260 |
|
|
|a New York :
|b M. Dekker,
|c c1980-c1982.
|
| 300 |
|
|
|a xvi. 438 pages :
|b illustrations ;
|c 27 cm.
|
| 504 |
|
|
|a Includes bibliographical references and index.
|
| 541 |
|
|
|e 6512
|
| 650 |
|
0 |
|a Tablets (Medicine).
|9 41713
|
| 650 |
|
0 |
|a Drugs
|x Dosage forms.
|9 41714
|
| 650 |
|
2 |
|a Dosage forms.
|9 41715
|
| 650 |
|
2 |
|a Drugs
|x Administration and dosage.
|9 41716
|
| 650 |
|
2 |
|a Pharmacy.
|9 43837
|
| 700 |
1 |
|
|a Lieberman, Herbert A.,
|d 1920-
|9 41717
|
| 700 |
1 |
|
|a Lachman, Leon,
|d 1929-
|9 41718
|
| 852 |
4 |
|
|a Ayesha Abed Library
|j General Stacks
|
| 942 |
|
|
|2 ddc
|c BK
|
| 952 |
|
|
|0 0
|1 0
|2 ddc
|4 0
|6 615_191000000000000_PHA_1982
|7 0
|9 313
|a BRACUL
|b BRACUL
|c GEN
|d 2009-05-04
|g 0.00
|l 2
|m 13
|o 615.191 PHA
|p 3010006512
|r 2019-01-21
|s 2019-01-09
|t 1
|w 2009-05-04
|y BK
|x No price found in the accession register.
|